| 000 | 00911nac a22002777a 4500 | ||
|---|---|---|---|
| 001 | BR8905499 | ||
| 003 | BR-BrBNA | ||
| 005 | 20240105121021.0 | ||
| 008 | 230509b bl.|||m| |||| 00| 0 por d | ||
| 040 |
_aBR-BrBNA _bpor _cBiblioteca Nacional de Agricultura |
||
| 072 | _aQ02 | ||
| 090 | _a9310 BR8905499 | ||
| 100 | 1 | _aTupinamba, E.A. | |
| 100 | 1 | _aLeal, M. de L. da S. | |
| 110 | 1 |
_aCentro Nacional de Pesquisa de Coco, Aracaju, SE (Brasil) _91760 |
|
| 245 | 1 | _aOtimizacao do tamanho da amostra para avaliacao de rendimento da farinha de mandioca | |
| 260 | 3 |
_aAracaju, SE (Brasil): _c1988. |
|
| 300 | _a4 p. | ||
| 490 |
_aPesquisa em Andamento - Centro Nacional de Pesquisa de Coco (Brazil) _vno. 44 _xISSN 0102-9959 |
||
| 650 | _aMANDIOCA | ||
| 650 | _aFARINHA | ||
| 650 | _aPROCESSAMENTO | ||
| 650 | _aRENDIMENTO | ||
| 909 |
_a202312 _bLúcia Elande _c55 _dLúcia Elande |
||
| 942 |
_2AGRIS _n0 _cMS |
||
| 999 |
_c282800 _d282800 |
||